000
00197 a2200097 4500
020
_a
9788483002469
041
_a
spa
100
_a
JORDI SIERRA
245
_a
CUBA LA NOCHE DE LA JINETERA
942
_c
BK
999
_c
1507
_d
1507